000 00639cab a2200241 4500
001 X144
008 090401t1992 xxu||||| |||| 00| 0 eng d
035 _a(Sirsi) u64145
041 _aeng
100 _aMatthews, A.E.
245 _aLooking at GIS exchange standards
260 _c1992
350 _a0
490 _aMapping Awareness
_v6(2) April 1992, 61-64(4)
650 _aDATA STANDARDS
650 _aDGI STANDARDS
650 _aDIGITAL GEOGRAPHIC INFORMATION
650 _aGEOGRAPHIC INFORMATION
650 _aGIS
690 _aMANAGEMENT-BUSINESS MANAGEMENT-INFORMATION MANAGEMENT
942 _n0
948 _c04/03/1997
999 _c39935
_d39935